Normal view
MARC view
- Suseela, P. (Guide)
Entry Personal Name
001 - CONTROL NUMBER
- control field: 6326
003 - CONTROL NUMBER IDENTIFIER
- control field: OSt
005 - DATE AND TIME OF LATEST TRANSACTION
- control field: 20241025112542.0
008 - FIXED-LENGTH DATA ELEMENTS
- fixed length control field: 241025|| aca||aabn | a|a d
040 ## - CATALOGING SOURCE
- Original cataloging agency: OSt
- Transcribing agency: OSt
100 ## - HEADING--PERSONAL NAME
- Personal name: Suseela, P. (Guide)
670 ## - SOURCE DATA FOUND
- Source citation: Work cat.: (OSt)18143: Arjun Prakash K. V, Refinement and performace evaluation of media bed aquaponic system /, 2024.
